Personnages de Galaktic Football - Statistiques

Statistiques générales
  • Ce quiz a été pris 59 fois
  • Le résultat moyen est 8 sur 16
Statistiques - réponses
Par images Réponse % Correct
Rocket
91%
D'Jok
89%
Micro-ice
78%
Tia
74%
Aarch
59%
Ahito
59%
Mei
57%
Warren
54%
Clamp
48%
Mark
48%
Sinedd
46%
Yuki
46%
Luur
33%
Thran
33%
Kernor
20%
Stevens
13%
Aucun quiz correspondant
Distribution des résultats
% des personnes avec chaque résultat
Percentile par nombre de réponses
Votre historique - résultats
Vous n’avez pas pris ce quiz